00972naa a2200229 450000500170000001000170001702000250003403500170005903700100007603700190008608200080010510000310011324500710014426000290021527000540024430000220029849000360032094200270035699900170038395201570040095201850055720110725135635.0 aB-441400-401 a9788171678990c95.00 aB-441400-401 bRupa  bAllied Pub/Ven a921 aSwaminathan, Roopa 9312881 aSivaji Ganeshan:cby Roopa Swaminathan bthe making of a legend /  aNew Delhi bRupa c2002 bNew Delhi a7/16, Ansari Raod, Daryaganj,e110002 a71p. c16cm(pbk)  aRupa charitavali series 931289 adplcEN2ddcmSWAh921 c54307d54307 001540708NFICaLbLd2011-08-04eAllied/DE/2011/CR/0000149/27.4.11/85/24.3.11/10.6.11g95.00l0o921 SWApB-441400r2011-08-04 00:00:00t1v95.00yEN 001040708NFICaZLSbZLSd2011-08-04eAllied/DE/2011/CR/0000149/27.4.11/85/24.3.11/10.6.11g95.00l1o921 SWApB-441401r2018-12-13 00:00:00s2018-12-01t1v95.00w2011-08-04yEN